| 000 | 01209cam a2200157 4500500 | ||
|---|---|---|---|
| 005 | 20260208005747.0 | ||
| 041 | _afre | ||
| 042 | _adc | ||
| 100 | 1 | 0 |
_aLécroart, Pascal _eauthor |
| 245 | 0 | 0 | _aAUDE LOCATELLI, Littérature et musique au XXe siècle. Paris, PUF, « Que sais-je ? », n° 3611,2001. Un vol. 17,5 × 11,5 de 128 p. ISBN 2 13-051705-6. |
| 260 | _c2003. | ||
| 500 | _a98 | ||
| 520 | _aL’Instant sublime de L’Adoration perpétuelle est le lieu d’une intense félicité — une « Illumination à la Parsifal » — et donne lieu à un indubitable accomplissement du narrateur. Or l’esthétique kantienne permet une analyse de cet Instant (cf.« Proust, l’Instant et le sublime »). Elle dévoile les différents temps à l’œuvre dans la Recherche : du « Temps perdu » surgissent en effet deux « Temps retrouvés » distincts. Ainsi, l’œuvre littéraire se clôt sur la révélation de son propre processus temporel. | ||
| 786 | 0 | _nRevue d'histoire littéraire de la France | 103 | 4 | 2003-09-01 | p. 951zza-1022zza | 0035-2411 | |
| 856 | 4 | 1 | _uhttps://shs.cairn.info/revue-d-histoire-litteraire-de-la-france-2003-4-page-951zza?lang=fr&redirect-ssocas=7080 |
| 999 |
_c1653652 _d1653652 |
||